Viac ako tri štvrtiny poľnohospodárskych podnikov boli vlani v prvotnej platobnej neschopnosti
Pretrvávanie platobnej neschopnosti a vysokej zadlženosti poľnohospodárskych podnikov. Výška celkovej platobnej neschopnosti v r. 1998. Vývoj pohľadávok a záväzkov v poľnohospodárskej prvovýrobe. Neúčinnosť riešenia platobnej neschopnosti prostredníctvom konkurzov s následnou exekúciou. Bremeno star...
Na minha lista:
| Autor principal: | |
|---|---|
| Formato: | Capítulo de Livro |
| Idioma: | eslovaco |
| Assuntos: | |
| Tags: |
Sem tags, seja o primeiro a adicionar uma tag!
|
MARC
| LEADER | 00000naa a2200000 4500 | ||
|---|---|---|---|
| 001 | r034833 | ||
| 005 | 20230921103155.8 | ||
| 041 | 0 | |a slo | |
| 044 | |a SK | ||
| 245 | 1 | 0 | |a Viac ako tri štvrtiny poľnohospodárskych podnikov boli vlani v prvotnej platobnej neschopnosti |c Zuzana Chrastinová |
| 520 | |a Pretrvávanie platobnej neschopnosti a vysokej zadlženosti poľnohospodárskych podnikov. Výška celkovej platobnej neschopnosti v r. 1998. Vývoj pohľadávok a záväzkov v poľnohospodárskej prvovýrobe. Neúčinnosť riešenia platobnej neschopnosti prostredníctvom konkurzov s následnou exekúciou. Bremeno starého bloku úverov. | ||
| 610 | 2 | 0 | |a poľnohospodárstvo |
| 610 | 2 | 0 | |a podnik poľnohospodársky |
| 610 | 2 | 0 | |a insolventnosť |
| 610 | 2 | 0 | |a zadlženosť |
| 610 | 2 | 0 | |a konkurzy |
| 610 | 2 | 0 | |a pohľadávky |
| 610 | 2 | 0 | |a záväzky |
| 610 | 2 | 0 | |a úver |
| 610 | 2 | 0 | |a Slovensko |
| 100 | 1 | |a Chrastinová, Zuzana | |